Vincitori UEFA Champions League - Statistics

Statistiche generali
  • Questo quiz è stato fatto 2.880 volte
    888 dall'ultimo reset
  • Il punteggio medio è 64 su 70
Statistiche sulle risposte
Edizione Vincitori % Corretto
1955-1956 Real Madrid
100%
1956-1957 Real Madrid
100%
1957-1958 Real Madrid
100%
1958-1959 Real Madrid
100%
1959-1960 Real Madrid
100%
1965-1966 Real Madrid
100%
1997-1998 Real Madrid
100%
1999-2000 Real Madrid
100%
2001-2002 Real Madrid
100%
2013-2014 Real Madrid
100%
2015-2016 Real Madrid
100%
2016-2017 Real Madrid
100%
2017-2018 Real Madrid
100%
2021-2022 Real Madrid
100%
2023-2024 Real Madrid
100%
1991-1992 Barcellona
99%
2005-2006 Barcellona
99%
2008-2009 Barcellona
99%
2010-2011 Barcellona
99%
2014-2015 Barcellona
99%
1963-1964 Inter
99%
1964-1965 Inter
99%
2009-2010 Inter
99%
1962-1963 Milan
99%
1968-1969 Milan
99%
1988-1989 Milan
99%
1989-1990 Milan
99%
1993-1994 Milan
99%
2002-2003 Milan
99%
2006-2007 Milan
99%
2011-2012 Chelsea
98%
2020-2021 Chelsea
98%
1984-1985 Juventus
98%
1995-1996 Juventus
98%
2022-2023 Manchester City
98%
2024-2025 Paris Saint-Germain
98%
1973-1974 Bayern Monaco
97%
1974-1975 Bayern Monaco
97%
1975-1976 Bayern Monaco
97%
2000-2001 Bayern Monaco
97%
2012-2013 Bayern Monaco
97%
2019-2020 Bayern Monaco
97%
1976-1977 Liverpool
97%
1977-1978 Liverpool
97%
1980-1981 Liverpool
97%
1983-1984 Liverpool
97%
2004-2005 Liverpool
97%
2018-2019 Liverpool
97%
1967-1968 Manchester United
97%
1998-1999 Manchester United
97%
2007-2008 Manchester United
97%
1970-1971 Ajax
87%
1971-1972 Ajax
87%
1972-1973 Ajax
87%
1994-1995 Ajax
87%
1986-1987 Porto
87%
2003-2004 Porto
87%
1996-1997 Borussia Dortmund
86%
1960-1961 Benfica
80%
1961-1962 Benfica
80%
1992-1993 Olympique Marsiglia
77%
1978-1979 Nottingham Forest
74%
1979-1980 Nottingham Forest
74%
1990-1991 Stella Rossa
70%
1987-1988 PSV
65%
1966-1967 Celtic
61%
1982-1983 Amburgo
59%
1985-1986 Steaua Bucarest
59%
1981-1982 Aston Villa
55%
1969-1970 Feyenoord
52%
Nessun quiz corrispondente trovato
Distribuzione punteggi
Percentuale di utenti per punteggio
Percentile per numero di risposta
I tuoi punteggi nel tempo
Non hai fatto questo quiz dall'ultimo reset